NLSUI OPAC header image

Liability of Manufacturers to persons other than their Immediate Vendees, Vol. 45, July, 1929 (Record no. 31828)

MARC details
000 -LEADER
fixed length control field 00465nam a2200157Ia 4500
008 - FIXED-LENGTH DATA ELEMENTS--GENERAL INFORMATION
fixed length control field 160316s1929 xxu||||| |||| 00| 0 eng d
082 ## - DEWEY DECIMAL CLASSIFICATION NUMBER
Classification number 338.642000
Item number FRA
100 ## - MAIN ENTRY--PERSONAL NAME
Personal name Frances H. Bohlen.
245 ## - TITLE STATEMENT
Title Liability of Manufacturers to persons other than their Immediate Vendees, Vol. 45, July, 1929
250 ## - EDITION STATEMENT
Edition statement
260 ## - PUBLICATION, DISTRIBUTION, ETC.
Place of publication, distribution, etc.
Name of publisher, distributor, etc. The Law Quarterly Review
Date of publication, distribution, etc. 1929
300 ## - PHYSICAL DESCRIPTION
Extent 343-3
Other physical details
Dimensions
365 ## - TRADE PRICE
Price amount
650 ## - SUBJECT ADDED ENTRY--TOPICAL TERM
Topical term or geographic name entry element Liability, Manufacturers, vendees
700 ## - ADDED ENTRY--PERSONAL NAME
Personal name
--
Holdings
Withdrawn status Lost status Damaged status Not for loan Home library Current library Shelving location Date acquired Total Checkouts Full call number Barcode Date last seen Price effective from Koha item type
        . .   30.05.2017   338.642 FRA REP10364 30.05.2017 30.05.2017 Repository